L’imaginaire géographique. Entre géographie, langue et littérature. (sous la direction de Lionel Dupuy et Jean-Yves Puyo) Collection spatialités, Presses Universitaires de Pau, 2015, 427 p., 25 € (notice n° 1625966)
[ vue normale ]
| 000 -LEADER | |
|---|---|
| fixed length control field | 00621cam a2200145 4500500 |
| 005 - DATE AND TIME OF LATEST TRANSACTION | |
| control field | 20260111093303.0 |
| 041 ## - LANGUAGE CODE | |
| Language code of text/sound track or separate title | fre |
| 042 ## - AUTHENTICATION CODE | |
| Authentication code | dc |
| 100 10 - MAIN ENTRY--PERSONAL NAME | |
| Personal name | Miossec, Alain |
| Relator term | author |
| 245 00 - TITLE STATEMENT | |
| Title | L’imaginaire géographique. Entre géographie, langue et littérature. (sous la direction de Lionel Dupuy et Jean-Yves Puyo) Collection spatialités, Presses Universitaires de Pau, 2015, 427 p., 25 € |
| 260 ## - PUBLICATION, DISTRIBUTION, ETC. | |
| Date of publication, distribution, etc. | 2015.<br/> |
| 500 ## - GENERAL NOTE | |
| General note | 40 |
| 786 0# - DATA SOURCE ENTRY | |
| Note | La Géographie | 1556 | 1 | 2015-01-01 | p. 51q-59q | 1964-9002 |
| 856 41 - ELECTRONIC LOCATION AND ACCESS | |
| Uniform Resource Identifier | <a href="https://shs.cairn.info/revue-la-geographie-2015-1-page-51q?lang=fr&redirect-ssocas=7080">https://shs.cairn.info/revue-la-geographie-2015-1-page-51q?lang=fr&redirect-ssocas=7080</a> |
Pas d'exemplaire disponible.




Réseaux sociaux